Už letím /

Uloženo v:
Hlavní autor: Dvořák, Marek, 1985- (Autor)
Médium: Kniha
Jazyk:Czech
Vydáno: [Černošice] : Martin Moravec, 2026
Vydání:Vydání první
Témata:
Celkem bylo vypůjčeno:0x
Tagy:
Žádné tagy
LEADER 01735nam a22004577i 4500
001 106701
003 CZ PrSKC
005 20260701115004.0
007 ta
008 260615s2026 xr a e 000 0acze d
020 |a 9788090964112  |q (brožováno) :  |c Kč 429.00 
040 |a BOG001  |b cze  |e rda 
072 7 |a 616  |x Patologie. Klinická medicína  |2 Konspekt  |9 14 
072 7 |a 929  |x Biografie  |2 Konspekt  |9 8 
080 |a 616 
080 |a 616-08 
080 |a 614.8 
080 |a 929 
100 1 |a Dvořák, Marek,  |d 1985-  |7 xx0308960  |4 aut  |9 114984 
245 1 0 |a Už letím /  |c Marek Dvořák 
250 |a Vydání první 
264 1 |a [Černošice] :  |b Martin Moravec,  |c 2026 
300 |a 305 stran :  |b ilustrace ;  |c 22 cm 
336 |a text  |b txt  |2 rdacontent 
337 |a bez média  |b n  |2 rdamedia 
338 |a svazek  |b nc  |2 rdacarrier 
500 |a Druhé slovo z názvu na titulní stránce vytištěno zvratmo 
500 |a Text knihy proložen radami Jak na první pomoc... 
600 1 7 |a Dvořák, Marek,  |d 1985-  |7 xx0308960  |2 czenas  |9 114984 
648 7 |a 21. století  |7 ch460559  |2 czenas  |9 52889 
650 0 7 |a lékaři  |7 ph122495  |y 21. století  |z Česko  |2 czenas 
650 0 7 |a letečtí záchranáři  |7 ph557827  |y 21. století  |z Česko  |2 czenas 
650 0 7 |a zdravotnická záchranná služba  |7 ph127566  |2 czenas 
650 0 7 |a první pomoc  |7 ph124698  |2 czenas 
653 0 |a skutečné případy 
655 7 |a autobiografické vzpomínky  |7 fd131854  |2 czenas  |9 53458 
655 7 |a příručky  |7 fd133209  |2 czenas  |9 155 
910 |a UOG502 
942 |2 ddc  |c KN 
999 |d 106701 
993 |0 0  |1 421180107428  |2 ddc  |4 0  |6 61_000000000000000  |7 0  |9 100206  |b 0  |c 107428  |d 2026-07-01  |e 0  |f DOSP  |g 61  |h 429.00  |i Koupě  |l DOSP  |r 2026-07-02  |t 5  |w 2026-07-01  |y KN  |z NAUCNA  |n